Ohio Geography Quiz - Sudden Death - Statistics

General Stats
  • This quiz has been taken 249 times
  • The average score is 14 of 20
Answers on the Grid
Answers color-coded by a green-red scale on the quiz's grid according to % correct below.
Akron
Allegheny Plateau
Biscayne Bay
Buckeye Lake
Buffalo
Campbell Hill
Cedar Point
Chesapeake Bay
Cincinnati
Cleveland
Columbus
Cuyahoga Valley National Park
Dayton
Everglades National Park
Great Miami River
Green Bay
Gulf of Maine
Gulf of Mexico
Hocking Hills
Lake Champlain
Lake Erie
Lake Michigan
Lake Okeechobee
Lake Ontario
Long Island Sound
Muskingum River
Myrtle Beach
Niagara Falls
Ohio and Erie Canal
Ohio Rier
Ozark Mountains
Potomac River
Shenandoah National Park
Tampa Bay
Toledo
Ulysses S. Grant Birthplace
Upper Penninsula
William Howard Taft National Historic Site
Yellowstone River
Youngstown
 
Answer Stats
Answer % Correct
Akron
96%
Cincinnati
92%
Cleveland
91%
Columbus
90%
Dayton
87%
Lake Erie
81%
Toledo
78%
Ohio and Erie Canal
77%
Ohio Rier
75%
Youngstown
73%
Cedar Point
71%
Buckeye Lake
70%
Cuyahoga Valley National Park
70%
Ulysses S. Grant Birthplace
67%
William Howard Taft National Historic Site
61%
Hocking Hills
60%
Muskingum River
56%
Great Miami River
54%
Allegheny Plateau
51%
Campbell Hill
46%
No matching quizzes found
Score Distribution
Percent of People with Each Score
Percentile by Number Answered
Your Score History
You have not taken this quiz